Prénoms dans des titres de chansons - Statistiques

Statistiques générales
  • Ce quiz a été pris 88 fois
  • Le résultat moyen est 17 sur 30
Statistiques - réponses
Hint Extra Hint Réponse % Correct
Roxanne 1978 The Police
85%
Aline 1965 Christophe
78%
Félicie aussi 1939 Fernandel
78%
Dans les yeux d'Emilie 1977 Joe Dassin
78%
Caroline 1991 MC Solaar
77%
Mélissa 1984 Julien Clerc
70%
Grace Kelly 2007 Mika
70%
Andy 1986 Rita Mitsouko
68%
Angie 1973 The Rolling Stones
67%
Etienne 1987 Guesch Patti
66%
Hélène 1989 Roch Voisine
66%
Elisa 1969 Serge Gainsbourg
66%
Hit the road Jack 1961 Ray Charles
64%
Dominique 1962 Soeur Sourire
63%
Léa 1997 Louise Attaque
62%
Fernando 1976 ABBA
60%
Michelle 1965 The Beatles
59%
Céline 1966 Hugues Aufray
58%
Marilyn et John 1988 Vanessa Paradis
58%
Madeleine 1961 Jacques Brel
56%
Dirty Diana 1987 Michael Jackson
53%
Les Poèmes de Michelle 1996 Teri Moïse
52%
Angela 1999 Saian Supa Crew
51%
Maria Maria 1999 Santana
47%
Alison 1992 Jordy
42%
Joy 1991 François Feldman
40%
Nikita 1985 Elton John
36%
Josephine 1985 Chris Rea
34%
Johnny, Johnny come home 1988 Avalanche
25%
Charlotte sometimes 1981 The Cure
22%
Aucun quiz correspondant
Distribution des résultats
% des personnes avec chaque résultat
Percentile par nombre de réponses
Votre historique - résultats
Vous n’avez pas pris ce quiz